[Event "Belgrade-chT Quality"]
[Site "Belgrade"]
[Date "2019.10.30"]
[Round "10.6"]
[White "Kerecki, Ljubisa"]
[Black "Matic, Aleksandar"]
[Result "1/2-1/2"]
[WhiteElo "2035"]
[BlackElo "2037"]
[PlyCount "20"]
[EventDate "2019.10.05"]
[EventType "team-tourn"]
[EventRounds "11"]
[EventCountry "SRB"]
[SourceTitle "EXT 2022"]
[Source "ChessBase"]
[SourceDate "2021.10.06"]
[SourceVersion "1"]
[SourceVersionDate "2021.10.06"]
[SourceQuality "1"]
[WhiteTeam "Bogoslov"]
[BlackTeam "NBSK"]
[WhiteTeamCountry "SRB"]
[BlackTeamCountry "SRB"]

1. e4 d6 2. d4 Nf6 3. Nc3 g6 4. f4 Bg7 5. Nf3 0-0 6. Bd3 Na6 7. 0-0 c5 8. d5 Nc7 9. a4 e6 10. dxe6 fxe6 1/2-1/2

[Event "Belgrade-chTB Quality"]
[Site "Belgrade"]
[Date "2018.10.27"]
[Round "9.8"]
[White "Lazovic, Branko"]
[Black "Matic, Aleksandar"]
[Result "1/2-1/2"]
[WhiteElo "1950"]
[BlackElo "2043"]
[PlyCount "83"]
[EventDate "2018.09.29"]
[EventType "team-tourn"]
[EventRounds "11"]
[EventCountry "SRB"]
[SourceTitle "CBM 187 Extra"]
[Source "ChessBase"]
[SourceDate "2018.11.04"]
[SourceVersion "1"]
[SourceVersionDate "2018.11.04"]
[SourceQuality "1"]
[WhiteTeam "Nis Jugopetrol"]
[BlackTeam "Belgrade NB"]
[WhiteTeamCountry "SRB"]
[BlackTeamCountry "SRB"]

1. e4 g6 2. d4 Bg7 3. Nf3 d6 4. h3 Nf6 5. Nc3 0-0 6. Bg5 c6 7. Bd3 Na6 8. a3 c5 9. d5 Nc7 10. 0-0 b5 11. Re1 Rb8 12. Qd2 a5 13. Bh6 b4 14. Bxg7 Kxg7 15. axb4 axb4 16. Nd1 Bd7 17. Bc4 Ra8 18. Qc1 Rxa1 19. Qxa1 Qa8 20. Qb1 Qa7 21. Nd2 Ra8 22. Ne3 Bb5 23. Bb3 Qa6 24. f3 Nd7 25. Qc1 Nb6 26. c4 Ba4 27. Qc2 Qc8 28. Bxa4 Nxa4 29. Ra1 Nb6 30. Qb1 Ra6 31. Nb3 Qa8 32. Rxa6 Qxa6 33. Qa1 Qxa1+ 34. Nxa1 Na4 35. Nd1 e6 36. Kf2 exd5 37. exd5 f5 38. Ke3 Nb6 39. b3 Ne8 40. Nf2 Nf6 41. Nc2 Nbd7 42. Nd3 1/2-1/2

[Event "Belgrade-chTB Quality"]
[Site "Belgrade"]
[Date "2018.10.21"]
[Round "8.7"]
[White "Poleksic, Dusan"]
[Black "Matic, Aleksandar"]
[Result "0-1"]
[WhiteElo "2018"]
[BlackElo "2043"]
[PlyCount "60"]
[EventDate "2018.09.29"]
[EventType "team-tourn"]
[EventRounds "11"]
[EventCountry "SRB"]
[SourceTitle "EXT 2022"]
[Source "ChessBase"]
[SourceDate "2021.10.06"]
[SourceVersion "1"]
[SourceVersionDate "2021.10.06"]
[SourceQuality "1"]
[WhiteTeam "Belgrade Turbina"]
[BlackTeam "Belgrade NB"]
[WhiteTeamCountry "SRB"]
[BlackTeamCountry "SRB"]

1. d4 Nf6 2. c4 g6 3. Nc3 Bg7 4. e4 d6 5. Be2 0-0 6. g4 c5 7. d5 e6 8. Kf1 exd5 9. exd5 Na6 10. f3 Nd7 11. Nh3 f5 12. g5 Ne5 13. Nf4 Nc7 14. a4 Rb8 15. h4 Kf7 16. h5 b6 17. Rh3 a6 18. Kf2 Bd7 19. Be3 Qe7 20. Qd2 Rbe8 21. a5 b5 22. cxb5 axb5 23. Bxc5 Kg8 24. Bb6 b4 25. Bxc7 bxc3 26. bxc3 Ng4+ 27. fxg4 fxg4 28. Rf3 gxf3 29. Bxf3 Be5 30. Nd3 Bg4 0-1

[Event "Belgrade-chTB Quality"]
[Site "Belgrade"]
[Date "2018.10.20"]
[Round "7.7"]
[White "Kostic, Zivojin"]
[Black "Matic, Aleksandar"]
[Result "0-1"]
[WhiteElo "1961"]
[BlackElo "2043"]
[PlyCount "90"]
[EventDate "2018.09.29"]
[EventType "team-tourn"]
[EventRounds "11"]
[EventCountry "SRB"]
[SourceTitle "CBM 187 Extra"]
[Source "ChessBase"]
[SourceDate "2018.11.04"]
[SourceVersion "1"]
[SourceVersionDate "2018.11.04"]
[SourceQuality "1"]
[WhiteTeam "Belgrade Romanticari"]
[BlackTeam "Belgrade NB"]
[WhiteTeamCountry "SRB"]
[BlackTeamCountry "SRB"]

1. d4 Nf6 2. Nc3 g6 3. e4 d6 4. Nf3 Bg7 5. Bg5 h6 6. Bf4 Bg4 7. Be2 0-0 8. Qd2 Kh7 9. h3 Bxf3 10. Bxf3 Nc6 11. Be3 e5 12. d5 Ne7 13. g4 Nfg8 14. h4 f5 15. gxf5 gxf5 16. exf5 Nxf5 17. Be4 Kh8 18. Bg5 Qd7 19. 0-0-0 b5 20. Rdg1 Nd4 21. Be3 Nf5 22. Rg6 Nxe3 23. Qxe3 Rf6 24. Rhg1 Rxg6 25. Rxg6 a6 26. Ne2 Rf8 27. Re6 Qf7 28. Qg3 Qxf2 29. Qxf2 Rxf2 30. Kd2 Nf6 31. Bh1 Kg8 32. Re7 Kf8 33. Rxc7 Rh2 34. Bf3 e4 35. Bxe4 Nxe4+ 36. Ke3 Be5 37. b3 b4 38. Nc1 Nf6 39. Rb7 Rxc2 40. Nd3 Rc3 41. Kd2 Nxd5 42. Ra7 Rc6 43. Rh7 Bg7 44. Nb2 Kg8 45. Rxg7+ Kxg7 0-1

[Event "Belgrade-chT"]
[Site "Belgrade"]
[Date "2014.11.05"]
[Round "13"]
[White "Bobusic, Milan"]
[Black "Matic, Aleksandar"]
[Result "1/2-1/2"]
[WhiteElo "1926"]
[BlackElo "2076"]
[PlyCount "128"]
[EventDate "2014.10.04"]
[EventType "team-tourn"]
[EventRounds "13"]
[EventCountry "SRB"]
[SourceTitle "EXT 2015"]
[Source "ChessBase"]
[SourceDate "2014.11.20"]
[SourceVersion "1"]
[SourceVersionDate "2014.11.20"]
[SourceQuality "1"]

1. Nf3 g6 2. d4 Bg7 3. c4 Nf6 4. Nc3 d6 5. g3 0-0 6. Bg2 Nc6 7. 0-0 Bf5 8. Re1 Ne4 9. e3 Nxc3 10. bxc3 Be4 11. Bf1 Na5 12. Ng5 Bf5 13. e4 Bd7 14. Rb1 c5 15. Nf3 Rc8 16. Be3 b6 17. Nd2 Rc7 18. Rc1 Qc8 19. Bd3 Qa6 20. Qe2 Nc6 21. Nb3 Qa4 22. f4 Bc8 23. Bf2 Ba6 24. d5 Na5 25. Nxa5 Qxa5 26. e5 Qa4 27. h4 Bc8 28. e6 fxe6 29. dxe6 Bb7 30. Qg4 Qc6 31. Be4 Qe8 32. Bb1 Rf6 33. Re2 Qc6 34. Be4 Qa4 35. Bd3 Qc6 36. Be4 Qe8 37. Bd5 Qa4 38. Qf3 Ba6 39. Qe4 Rf8 40. h5 gxh5 41. Be3 Qe8 42. f5 Kh8 43. Rh2 Bf6 44. Bf4 Rg8 45. Qf3 h4 46. Kf2 Qa4 47. Qe2 Rcc8 48. g4 Rg7 49. Rh3 Rcg8 50. Rg1 b5 51. g5 Bxg5 52. Bxg5 Rxg5 53. Rxg5 Rxg5 54. f6 Re5 55. Re3 exf6 56. Rxe5 dxe5 57. e7 bxc4 58. Qh5 Qc2+ 59. Kg1 Qc1+ 60. Kh2 Qd2+ 61. Bg2 Qf4+ 62. Kh1 Qc1+ 63. Kh2 Qf4+ 64. Kh1 Qc1+ 1/2-1/2

[Event "Belgrade-chT"]
[Site "Belgrade"]
[Date "2014.10.19"]
[Round "6"]
[White "Matic, Aleksandar"]
[Black "Matejic, Zoran"]
[Result "1-0"]
[WhiteElo "2076"]
[BlackElo "2154"]
[PlyCount "88"]
[EventDate "2014.10.04"]
[EventType "team-tourn"]
[EventRounds "13"]
[EventCountry "SRB"]
[SourceTitle "EXT 2015"]
[Source "ChessBase"]
[SourceDate "2014.11.20"]
[SourceVersion "1"]
[SourceVersionDate "2014.11.20"]
[SourceQuality "1"]

1. d4 c5 2. e3 Nf6 3. Nf3 e6 4. Be2 b6 5. 0-0 Bb7 6. Nbd2 Be7 7. Re1 0-0 8. Nf1 Ne4 9. N3d2 f5 10. f3 Nf6 11. Nc4 b5 12. Ne5 Qb6 13. c3 d6 14. Nd3 Nbd7 15. Nf2 Rfe8 16. a4 a6 17. axb5 axb5 18. Rxa8 Bxa8 19. Qb3 c4 20. Qc2 Bf8 21. Ng3 d5 22. e4 dxe4 23. fxe4 g6 24. Bf3 Qb8 25. b3 fxe4 26. Ngxe4 Bd5 27. bxc4 bxc4 28. Bg5 Bg7 29. Qe2 Qa8 30. Bxf6 Nxf6 31. Nxf6+ Bxf6 32. Ne4 Bg7 33. Nd2 Bxf3 34. Nxf3 Qd5 35. Qe4 Qa5 36. Qc6 Re7 37. Qxc4 h6 38. Rxe6 Rxe6 39. Qxe6+ Kh7 40. Qe1 Qb5 41. Qe4 Qb2 42. Qd3 Qc1+ 43. Kf2 Qb2+ 44. Qd2 Qb5 1-0

[Event "Belgrade-chT Quality"]
[Site "Belgrade"]
[Date "2012.10.28"]
[Round "6.1"]
[White "Matic, Aleksandar"]
[Black "Veljkovic, Dragoljub"]
[Result "1/2-1/2"]
[WhiteElo "2085"]
[BlackElo "2137"]
[PlyCount "103"]
[EventDate "2012.10.13"]
[EventType "team-tourn"]
[EventRounds "11"]
[EventCountry "SRB"]
[SourceTitle "EXT 2019"]
[Source "ChessBase"]
[SourceDate "2018.10.10"]
[SourceVersion "1"]
[SourceVersionDate "2018.10.10"]
[SourceQuality "1"]

1. d4 Nf6 2. Nf3 g6 3. Bf4 Bg7 4. e3 d6 5. Be2 0-0 6. h3 c5 7. c3 Qb6 8. Qc1 Nd5 9. Bh2 Bh6 10. 0-0 cxd4 11. cxd4 Nc6 12. Nc3 Nf6 13. Qd2 Qd8 14. Rfd1 b6 15. d5 Nb8 16. Rac1 a6 17. a4 Nbd7 18. Nd4 Bb7 19. Bf3 Ne5 20. Bxe5 dxe5 21. Nc6 Qd6 22. Qd3 Rac8 23. Qc4 Rfe8 24. b4 e6 25. dxe6 Qxe6 26. Qxe6 Rxe6 27. Nxe5 Bxf3 28. Nxf3 Rc4 29. Rd8+ Kg7 30. Rd4 Rxd4 31. Nxd4 Rxe3 32. Rc2 Re1+ 33. Kh2 Rc1 34. b5 Rxc2 35. Nxc2 a5 36. Ne3 Bf4+ 37. g3 Be5 38. Nb1 Kf8 39. Kg2 Ke7 40. f4 Bd4 41. Kf3 Bxe3 42. Kxe3 Kd6 43. g4 Kc5 44. Kd3 Kb4 45. Nc3 Nd7 46. Kd4 Nc5 47. Nd5+ Kxa4 48. Kc4 Nd7 49. h4 Ka3 50. Kc3 Ka4 51. Kc4 Ka3 52. Kc3 1/2-1/2

[Event "Belgrade tt Cup"]
[Site "Belgrade"]
[Date "2012.04.22"]
[Round "5.3"]
[White "Carnic, Dejan"]
[Black "Matic, Aleksandar"]
[Result "0-1"]
[WhiteElo "2094"]
[BlackElo "2080"]
[PlyCount "44"]
[EventDate "2012.04.18"]
[EventType "team-swiss"]
[EventRounds "5"]
[EventCountry "SRB"]
[SourceTitle "CBM 148 Extra"]
[Source "ChessBase"]
[SourceDate "2012.06.22"]
[SourceVersion "1"]
[SourceVersionDate "2012.06.22"]
[SourceQuality "1"]
[WhiteTeam "Belgrade Sigurnost"]
[BlackTeam "BASK"]
[WhiteTeamCountry "SRB"]
[BlackTeamCountry "SRB"]

1. e4 d6 2. d4 Nf6 3. Nc3 g6 4. h3 Bg7 5. Nf3 0-0 6. Be3 Nc6 7. a4 e5 8. dxe5 dxe5 9. Qxd8 Rxd8 10. Bc4 Bd7 11. 0-0-0 Be8 12. Rxd8 Rxd8 13. Bg5 Rd7 14. Bb5 Rd6 15. Bxf6 Bxf6 16. Nd5 Bd8 17. Rd1 f6 18. Nd2 a6 19. Bxc6 bxc6 20. Ne3 c5 21. b3 Bc6 22. f3 Kf7 0-1

[Event "Belgrade tt Cup"]
[Site "Belgrade"]
[Date "2012.04.19"]
[Round "2.1"]
[White "Matic, Aleksandar"]
[Black "Cetkovic, Miodrag"]
[Result "0-1"]
[WhiteElo "2080"]
[BlackElo "2230"]
[PlyCount "78"]
[EventDate "2012.04.18"]
[EventType "team-swiss"]
[EventRounds "5"]
[EventCountry "SRB"]
[SourceTitle "CBM 148 Extra"]
[Source "ChessBase"]
[SourceDate "2012.06.22"]
[SourceVersion "1"]
[SourceVersionDate "2012.06.22"]
[SourceQuality "1"]
[WhiteTeam "BASK"]
[BlackTeam "Belgrade Radnicki"]
[WhiteTeamCountry "SRB"]
[BlackTeamCountry "SRB"]

1. d4 Nf6 2. Nf3 g6 3. Bf4 Bg7 4. e3 0-0 5. c3 d5 6. h3 Nc6 7. Bb5 Nh5 8. Bh2 Bd7 9. Nbd2 a6 10. Bxc6 Bxc6 11. 0-0 f5 12. Ne5 Bb5 13. Re1 Kh8 14. Ndf3 e6 15. a4 Be8 16. Nd3 h6 17. Be5 Rg8 18. Nf4 Bxe5 19. Nxe5 Qe7 20. Nfd3 g5 21. g3 Nf6 22. Kh2 Bh5 23. Qb3 c6 24. a5 Ne4 25. Qb4 Nd6 26. Kg2 Raf8 27. c4 Rg7 28. Rac1 Be8 29. b3 Kg8 30. Rc2 Bg6 31. Nxg6 Rxg6 32. Ne5 Rg7 33. Rh1 f4 34. Qe1 Ne4 35. g4 f3+ 36. Kf1 Qa3 37. b4 Qb3 38. Rc1 Qb2 39. Rb1 Nd2+ 0-1

[Event "Belgrade-chT"]
[Site "Belgrade"]
[Date "2009.10.05"]
[Round "2"]
[White "Cvetkovic, Nemanja"]
[Black "Matic, Aleksandar"]
[Result "1-0"]
[WhiteElo "2242"]
[BlackElo "2088"]
[PlyCount "71"]
[EventDate "2009.10.04"]
[EventType "team-tourn"]
[EventRounds "9"]
[EventCountry "YUG"]
[SourceTitle "CBM 132 Extra"]
[Source "ChessBase"]
[SourceDate "2009.11.03"]
[SourceVersion "1"]
[SourceVersionDate "2009.11.03"]
[SourceQuality "1"]

1. d4 Nf6 2. c4 g6 3. Nf3 Bg7 4. g3 0-0 5. Bg2 d6 6. 0-0 Nc6 7. d5 Na5 8. Nfd2 c5 9. Nc3 Rb8 10. Qc2 a6 11. a4 e6 12. dxe6 Bxe6 13. Qd3 Nc6 14. Nde4 Nxe4 15. Nxe4 Nb4 16. Qxd6 Nc2 17. Rb1 Bxc4 18. Bf4 Rc8 19. Rbc1 Bb3 20. Nxc5 Nd4 21. Kh1 Qa5 22. Nxb3 Nxb3 23. Rxc8 Rxc8 24. Bxb7 Rd8 25. Qxa6 Qxa6 26. Bxa6 Nc5 27. Bb5 Bxb2 28. Rb1 Bc3 29. Rc1 Bb4 30. Rc4 Ba3 31. a5 Rd1+ 32. Kg2 Rb1 33. Bc6 Na6 34. Be4 Rb5 35. Rc8+ Kg7 36. Bd3 1-0

[Event "Belgrade tt Cup"]
[Site "Belgrade"]
[Date "2009.04.09"]
[Round "2"]
[White "Matic, Aleksandar"]
[Black "Skaric, Djuro"]
[Result "0-1"]
[WhiteElo "2093"]
[BlackElo "2239"]
[PlyCount "45"]
[EventDate "2009.04.08"]
[EventType "team-tourn"]
[EventRounds "5"]
[EventCountry "YUG"]
[SourceTitle "CBM 129 Extra"]
[Source "ChessBase"]
[SourceDate "2009.05.05"]
[SourceVersion "2"]
[SourceVersionDate "2009.05.20"]
[SourceQuality "1"]

1. d4 d5 2. Nf3 Nf6 3. Bf4 e6 4. e3 Be7 5. Bd3 Nbd7 6. Nbd2 b6 7. c4 Bb7 8. Rc1 c5 9. 0-0 0-0 10. Ne5 Rc8 11. Qe2 dxc4 12. Ndxc4 b5 13. Nxd7 Qxd7 14. Ne5 Qd5 15. Qf3 cxd4 16. Qxd5 Nxd5 17. Bxb5 g5 18. Bg3 dxe3 19. Nc6 Bxc6 20. Bxc6 exf2+ 21. Bxf2 Nf4 22. Kh1 Nd3 23. Rc2 0-1